Football players who have played for Chelsea and Inter - Statistics

General Stats
  • This quiz has been taken 1,634 times
    982 since last reset
  • The average score is 4 of 11
Answer Stats
Years at Chelsea Years at Inter Player % Correct
2011-2014,2021-2024 2019-2021,2022-2023 (loan) Romelu Lukaku
81%
2013-2014 2009-2011 Samuel Eto'o
56%
2003-2008 2002-2003,2006-2008 (loan),2008-2009 Hernan Crespo
49%
2018-2019 (loan),2019-2023 2013-2015 Mateo Kovačić
45%
2012-2021 2020 (loan) Victor Moses
35%
2015-2017 2023-2024 Juan Cuadrado
30%
2009 (loan) 2008-2010 Ricardo Quaresma
29%
2003-2004 2000 Adrian Mutu
28%
2003-2007 2004-2006 (loan) Juan Sebastian Veron
27%
2000-2001 (loan) 1999-2001 Christian Panucci
21%
2006 (loan) 2008 (loan) Maniche
15%
No matching quizzes found
Score Distribution
Percent of People with Each Score
Percentile by Number Answered
Your Score History
You have not taken this quiz since the last reset